000 00674nam a2200217Ii 4500
003 JO-AjNU
008 230605s9999||||xx |||||||||||||| ||und||
017 _a2007/4/982
040 _aJO-AjNU
_bara
_erda
_cJO-AjNU
041 _aara
050 1 4 _aPJ7862.U234.M35 2007
100 3 _aالسوداني، علي ,
_eauthor
_917663
245 0 0 _aمكاتيب عراقية من سفر الضحك والوجع
250 _aط1
264 3 1 _aعمان: أزمنة للنشر، 2007
300 _a288ص
336 _atext
_btxt
_2rdacontent
337 _aunmediated
_bn
_2rdamedia
338 _avolume
_bnc
_2rdacarrier
650 4 _aالأدب العربي - مقالات
_917664
999 _aA5505
_c9073
_d9073